Cartography in Prehistoric, Ancient and Medieval Europe and the Mediterranean The history of cartography : vol. 1

Bibliographic Details
Published in:Cartography in Prehistoric, Ancient and Medieval Europe and the Mediterranean The history of cartography, vol. 1
Main Authors: Harley, John B. (ed.), Woodward, David (ed.)
Content type: Book
Published: Chicago [etc.]: University of Chicago Press
1987
Source:MPIPL_cat

MARC

LEADER 00000nam a2200000 u 4500
001 PL0053653
003 PLI01000000000000000053335
005 00000000000000.0
008 ||| u
020 |a 0-226-31633-5 
020 |a 9780226316338 
090 |a 404.21-Car/1.1 
100 1 |a Harley, John B.  |e [ed.] 
245 0 4 |n vol. 1  |a Cartography in Prehistoric, Ancient and Medieval Europe and the Mediterranean  |a The history of cartography  |c ed. by J.B. Harley and David Woodward 
260 2 |a Chicago [etc.]  |b University of Chicago Press 
260 |c 1987 
300 |a XXI, 599 p., ill., 40 pl. 
650 4 |a Cartography-History 
696 |a Harley, John Brian 
700 1 |a Woodward, David  |e [ed.] 
773 0 8 |w MPIPL_cat.PL0053652  |i In: 
852 |c 404.21-Car/1.1  |m BOOK 
980 2 |a Harley, John B.  |e [ed.] 
981 2 |a Woodward, David  |e [ed.] 
984 2 |c J.B. Harley and David Woodward